Historical Figures whose Names starts with M - Statistics

General Stats
  • This quiz has been taken 54 times
  • The average score is 21 of 28
Answer Stats
Picture Hint Answer % Correct
Leader of the Indian independence movement against British rule, known for nonviolent resistance Mahatma Gandhi
100%
"I have a dream" Martin Luther King Jr.
98%
King of Pop Michael Jackson
98%
founder of Islam Muhammad
98%
American boxer (Cassius Clay) Muhammad Ali
98%
the Iron Lady Margaret Thatcher
96%
Polish-French physicist and chemist famous for radioactivity Marie Curie
96%
prophet who split the sea Moses
94%
American Muslim minister and human rights activist during the civil rights movement Malcolm X
92%
let them eat cake Marie Antoinette
92%
American actress, singer, and sex symbol of the 1950s Marilyn Monroe
92%
the 95 theses Martin Luther
90%
father of American literature Mark Twain
86%
author of Frankenstein Mary Shelley
86%
Glasnost and Perestroika Mikhail Gorbachev
86%
Venetian merchant and explorer Marco Polo
84%
dictator of Libya Muammar Gaddafi
82%
The Sistine Chapel ceiling and the David Michelangelo Buonarroti
80%
founder of Turkey Mustafa Kemal Atatürk
69%
One of the best-known and most controversial leaders of the French Revolution Maximilien Robespierre
61%
Roman emperor and Stoic philosopher Marcus Aurelius
51%
Emperor of the Mali Empire, considered one of the wealthiest individuals in history Mansa Musa
49%
English scientist who contributed to the study of electromagnetism and electrochemistry Michael Faraday
39%
German physicist and the founder of quantum theory Max Planck
35%
only female ruler of the Habsburg dominions Maria Theresa of Austria
33%
The Ottoman Sultan who conquered Constantinople, ending the Byzantine Empire Mehmed the Conqueror
29%
Roman statesman, lawyer, and philosopher Marcus Tullius Cicero
22%
early feminist writer Mary Wollstonecraft
18%
No matching quizzes found
Score Distribution
Percent of People with Each Score
Percentile by Number Answered
Your Score History
You have not taken this quiz